Common Knowledge #31 - Statistics

General Stats
  • This quiz has been taken 727 times
  • The average score is 22 of 29
Answer Stats
Hint Answer % Correct
What are the colors of the Olympic rings? Red
98%
What are the colors of the Olympic rings? Blue
97%
What is the capital of America? Washington D.C.
97%
What are the colors of the Olympic rings? Yellow
97%
What are the colors of the Olympic rings? Green
96%
What are the five senses? Sight
94%
What are the five senses? Smell
94%
What are the five senses? Touch
94%
What are the five senses? Hear
93%
What is the national bird of the U.S.A. Bald Eagle
92%
What are the colors of the Olympic rings? Black
92%
Kill two birds with one _____. Stone
91%
What are the five senses? Taste
91%
Where do Santa and his reindeer live? The North Pole
91%
What do Dalmatians have on their fur? Spots
89%
Who is known to be the “King” of Rock n’ Roll? Elvis Presley
87%
Which ocean is the saltiest in the world? Atlantic
81%
What is the name of Charlie Brown’s dog? Snoopy
78%
Where does Dracula live? Transylvania
77%
Bavarian Motor Works is more commonly known as? BMW
69%
If this animal poops on you, you will supposedly have good luck. Bird
66%
What is the home of the animal above called? Nest
65%
What is the First Amendment to the Constitution? Freedom of Speech
57%
In which state was the first U.S. colony founded? Virginia
50%
Which singer’s real name is Stefani Joanne Angelina Germanotta? Lady Gaga
49%
What is the vehicle in Scooby Doo? The Mystery Machine
49%
What kind of dog is he? Beagle
43%
What substance are nails, horns, hooves, and hair made out of? Keratin
40%
Which African country was formerly known as Abyssinia? Ethiopia
29%
No matching quizzes found
Score Distribution
Percent of People with Each Score
Percentile by Number Answered
Your Score History
You have not taken this quiz